| 000 | 00653nam a22002297a 4500 | ||
|---|---|---|---|
| 001 | 62418 | ||
| 003 | BD-RjUL | ||
| 005 | 20211209081101.0 | ||
| 008 | 170124r19651963illa|||| |||| 001 0 eng d | ||
| 035 | _a(BD-RjUL)62544 | ||
| 040 |
_aBD-RjUL _beng _cBD-RjUL |
||
| 041 | _aeng | ||
| 082 |
_223 _a658.8 _bHOM 1965 |
||
| 100 | 1 |
_aHoward, John A. _9185650 |
|
| 245 | 1 | 3 |
_aMarketing management : _banalysis and planning / _cJohn A. Howard. |
| 250 | _arev. ed. | ||
| 260 |
_aHomewood, Ill. : _bR. D. Irwin, _cc1963 [printing 1965]. |
||
| 300 |
_axi, 487 p. : _bill. ; _c23 cm. |
||
| 500 | _aIncludes index. | ||
| 650 |
_aMarketing. _9182579 |
||
| 942 |
_2ddc _cBK |
||
| 999 |
_c62418 _d62418 |
||